000
00312nam a2200121Ia 4500
008
210430s9999 xx 000 0 und d
082
_a
808.53 Z23 D
100
_a
Pro. M.Zaman
245
_a
Debates &Speeches
_c
Pro. M.Zaman
260
_a
Lahore
_b
Book Collection Club
_c
2010
300
_a
288p
942
_c
BK
_2
ddc
999
_c
564495
_d
564495